Quizzes
Events
Quiz Creation
Community
Videos
Private Events
Remove Ads
Sign In
Join for FREE
Feedback
Dark Mode
Quiz Categories
Sports
Geography
Music
Movies
Television
Just For Fun
Miscellaneous
History
Literature
Language
Science
Gaming
Entertainment
Religion
Holiday
For Kids
Quiz Lab
Recent
Popular Today
Quiz Kudos Today
Editor Picks
Curator Picks
Quizzes by...
Day
Popularity
Type
Ratings
Length
Year
Community
Subscriptions
Recent Discussions
Orange Saloon
Badges
Playlists
Quests
Create
Leaderboards
Showdown
Live 5
Trivia Bingo
Activity
Puzzle Library
Sporcle Events
Private Events
Virtual Trivia
Globe League
Become a Host
Pub Owners
SporcleCon
Opinionation
Our Games
Videos
Blog
Mobile Apps
Partnerships
Remove Ads and Go Orange
Feedback
Television
TV Characters
TV Show
Sitcom
Network
Friends
Reality Shows
Cast
South Park
Star Trek
The Simpsons
Doctor Who
Television
TV Characters
TV Show
Sitcom
Network
Friends
Reality Shows
Cast
South Park
Star Trek
The Simpsons
Doctor Who
Random Quiz
Search Sporcle
×
Quiz Lab
Quiz Lab
Television
Acronym
Type in answers that appear in a list
Type in answers that appear in a list
Classic
Best Score? Go Orange.
TV program opposites (UK) Stats
Can you name the TV program acronyms (UK)?
By
harryturnip
7m
20 Questions
844 Plays
844 Plays
844 Plays
Comments
Comments
Give Quiz Kudos
Give Quiz Kudos
-
- Ratings
hide this ad
Replay
Link that replays current quiz
Next Quiz
Link to next quiz in quiz playlist
You Got
0%
They Got
Avg Score
39%
Avg Friend Score
Upgrade to see
Score Distribution
Jump to the score distribution portion of the page
Score
0/20
Timer
07:00
0
Plays Today
The opposite
Program
% Correct
Weststarters
Eastenders
84.8%
Death on Saturn
Life on Mars
83.1%
2 Out of 10 Dogs
8 Out of 10 Cats
82.8%
Compromise or No Compromise
Deal or No Deal
73.5%
Bills in the Basement
Cash in the Attic
57.8%
Bottom Clutch
Top Gear
53.1%
Amateur Food Critic
Master Chef
51.4%
Promote the Weekend
Mock the week
41.2%
So I Say I Can Walk
So You Think You Can Dance
39.1%
Walking On Fire
Dancing On Ice
35.8%
The opposite
Program
% Correct
I've been Treated
You've Been Framed
35.4%
Saved, He Said
Murder, She Wrote
33.3%
Patient [name]
Doctor Who
29.1%
Healed
Casualty
22.9%
Opposite of the Night
Match of the Day
19.3%
The Sanest
The Mentalist
13.2%
Relaxed Businessmen
Desperate Housewives
7.1%
C Root
X Factor
7.1%
Chickenfeet
Eggheads
6.5%
Victims
Survivors
6.2%
Quiz Playlist
Details
Report
Send in Message
Add To Playlist
Classic:
Type in answers that appear in a list
Last Updated: Feb 16, 2017
Quiz Scoreboard
CHALLENGE
Sign Up to Join the Scoreboard
Show All
Scores
Hide
Comments
May contain spoilers
Recently Published
Street Fighter Characters
by Artimus82
Gaming
60s
9x9 Crossword: Cartoon Network
by jackfrog10
Miscellaneous
3m
College Basketball Coaching Resumes
by pancakes188
Sports
9m
More to Explore
Quiz From the Vault
Featured Blog Post
Where Did the Easter Bunny Come From?
hide this ad
You Might Also Like...
Tags
Acronym
opposite
program
Today's Top Quizzes in Television
Browse Television
hide this ad
Today's Top Quizzes in Acronym
Browse Acronym
Top Contributed Quizzes in Television
1
5-to-1: The Simpsons Families
2
5-to-1: Television Doctors
3
Adjectives in 80s TV Shows
4
Adjectives in 00s TV Shows
5
7-to-1: TV Show Settings
6
Adjectives in 10s TV Shows
7
Survivor Journey Challenge
8
5-to-1: Streaming Originals
9
Survivor Seasons
10
One Piece Logic Puzzle
Explore More
Trending Topics
Crossword
Kpop
Marvel
NBA
Harry Potter
Anime
Disney
The Office
Puzzle
Pokémon
Soccer
NFL
WWE
Country
Song
hide this ad
More By:
harryturnip
Quiz
Plays
Rating
Category
Featured
Created
Chocolate slogans
2,343
3.44
Miscellaneous
Feb 19, 2010
Tenacious D lyrics
957
4.50
Music
Feb 10, 2010
TV program opposites (UK)
844
3.00
Television
Feb 18, 2010
Daft Punk, Harder Better Faster Stronger
556
4.00
Music
Feb 19, 2010
10 most common phobias
125
4.33
Miscellaneous
Feb 28, 2010
Go to Creator's Profile
Score Distribution
Quiz Creator Spotlight
harryturnip
Follow
Send a Message
Quizzes Created
-
Created Quiz Play Count
-
More By This Creator
Popular Quizzes Today
1
Find the US States - No Outlines Minefield
2
Find the Countries of Europe - No Outlines Minefield
3
The Countries of the World
4
Find the US States
5
Risky Map Clicking: Biggest States A-Z
6
US States
7
Popular People in 1961
8
Movies - When Are They Set?
More Television Quizzes
Click the Cartoon Skeleton
Published
Trending Quizzes
Risky Map Clicking: Least Populous States A-Z
1-10 Letter G Words
Risky Map Clicking: Next State Alphabetically
Adjectives in 80s TV Shows
The Seven Year Switch: Catherine
Recently Updated
Leaping Animals
pecheneg
Reality TV Shows (A-Z)
bhenderson79
Rickey Henderson's Hall of Fame Teammates
pecheneg
Champions League XIs: Arsenal
pecheneg
Quick Pick: Celebrities in WWE's Hall of Fame
aduchscher
A-Z Keypad Blitz II
pecheneg
Multiple Oscar Actors
pecheneg
Mystery Phrase Blitz: Oscar 'Best Actors'
pecheneg
F. Scott Fitzgerald Novels
LTH
Pick 3 Villains
ddd62291
Trending Topics
Disney
Harry Potter
Marvel
NBA
Kpop
Crossword
Anime
Song
Soccer
Country
The Office
NFL
Pokémon
Puzzle
WWE
Your Account Isn't Verified!
In order to create a playlist on Sporcle, you need to verify the email address you used during registration. Go to your
Sporcle Settings
to finish the process.
Report this User
Report this user for behavior that violates our
Community Guidelines
.
Details:
Send Report
Go to the Sporcle.com Mobile Site →
Comments